<?xml version="1.0" encoding="UTF-8"?><?xml-stylesheet type="text/xsl" href="static/style.xsl"?><OAI-PMH xmlns="http://www.openarchives.org/OAI/2.0/" xmlns:xsi="http://www.w3.org/2001/XMLSchema-instance" xsi:schemaLocation="http://www.openarchives.org/OAI/2.0/ http://www.openarchives.org/OAI/2.0/OAI-PMH.xsd"><responseDate>2026-04-14T07:58:58Z</responseDate><request verb="GetRecord" identifier="oai:www.recercat.cat:2072/487137" metadataPrefix="marc">https://recercat.cat/oai/request</request><GetRecord><record><header><identifier>oai:recercat.cat:2072/487137</identifier><datestamp>2025-11-07T13:49:00Z</datestamp><setSpec>com_2072_98</setSpec><setSpec>col_2072_378192</setSpec></header><metadata><record xmlns="http://www.loc.gov/MARC21/slim" xmlns:dcterms="http://purl.org/dc/terms/" xmlns:xsi="http://www.w3.org/2001/XMLSchema-instance" xmlns:doc="http://www.lyncode.com/xoai" xsi:schemaLocation="http://www.loc.gov/MARC21/slim http://www.loc.gov/standards/marcxml/schema/MARC21slim.xsd">
   <leader>00925njm 22002777a 4500</leader>
   <datafield ind2=" " ind1=" " tag="042">
      <subfield code="a">dc</subfield>
   </datafield>
   <datafield ind2=" " ind1=" " tag="720">
      <subfield code="a">Cepa Rodríguez, Estibaliz</subfield>
      <subfield code="e">author</subfield>
   </datafield>
   <datafield ind2=" " ind1=" " tag="260">
      <subfield code="c">2025</subfield>
   </datafield>
   <datafield ind2=" " ind1=" " tag="520">
      <subfield code="a">Este estudio se ha ejecutado con el apoyo del grupo de investigación GANDERE (GIU 21/056) financiado por la Universidad del País Vasco (UPV/EHU).</subfield>
   </datafield>
   <datafield ind2=" " ind1=" " tag="520">
      <subfield code="a">Actualmente, los estudios acerca del impacto negativo de la LGTBfobia tienen el reto de hallar factores de protección para el colectivo LGTB. Este estudio exploratorio analiza la relación entre la inteligencia emocional (IE), la salud y la identidad de 1215 personas. Para ello, se identificaron cuatro perfiles con un análisis clúster que combinaba las tres dimensiones de IE: uno con puntuaciones altas en las tres áreas e, inversamente, otro con bajas; un tercero que destaca por su alta reparación y otro con alta atención y baja reparación. Los resultados evidencian notables diferencias en salud y desarrollo identitario. Las personas con índices medio-altos en claridad y reparación tienen menos alteraciones de salud, es decir, mayor autoestima, satisfacción y aceptación identitaria. Es necesario considerar las implicaciones de este trabajo en la práctica profesional de quienes tratan de promover la salud y las experiencias positivas de la comunidad LGTB en contextos desfavorables.</subfield>
   </datafield>
   <datafield ind2=" " ind1=" " tag="520">
      <subfield code="a">Nowadays, studies on the negative impact of LGTBphobia have the challenge of finding protective factors for the LGTB community. This exploratory study analyse the relationship between emotional intelligence (EI), health and identity in 1215 people. To this purpose, four profiles were identified with a cluster analysis that combined the three dimensions of EI: one with high scores in all three areas and, conversely, one with low scores; also, a third with high repair and a fourth with high attention and low repair. The results show notable differences in health and identity development. People with medium-high indices of clarity and reparation are those with the least mental health alterations, that is, greater self-esteem, life satisfaction and identity acceptance. It is necessary to consider the implications of this work for the professional practice of those seeking to promote the health and positive experiences of the LGBT community in disadvantaged contexts.</subfield>
   </datafield>
   <datafield tag="653" ind2=" " ind1=" ">
      <subfield code="a">Emotional intelligence</subfield>
   </datafield>
   <datafield tag="653" ind2=" " ind1=" ">
      <subfield code="a">Health</subfield>
   </datafield>
   <datafield tag="653" ind2=" " ind1=" ">
      <subfield code="a">LGTB identity</subfield>
   </datafield>
   <datafield tag="653" ind2=" " ind1=" ">
      <subfield code="a">Diversity</subfield>
   </datafield>
   <datafield tag="653" ind2=" " ind1=" ">
      <subfield code="a">Inteligencia emocional</subfield>
   </datafield>
   <datafield tag="653" ind2=" " ind1=" ">
      <subfield code="a">Salud</subfield>
   </datafield>
   <datafield tag="653" ind2=" " ind1=" ">
      <subfield code="a">Identidad LGTB</subfield>
   </datafield>
   <datafield tag="653" ind2=" " ind1=" ">
      <subfield code="a">Diversidad</subfield>
   </datafield>
   <datafield ind2="0" ind1="0" tag="245">
      <subfield code="a">Inteligencia emocional, salud y desarrollo Identitario : un estudio exploratorio de su relación en población LGTB</subfield>
   </datafield>
</record></metadata></record></GetRecord></OAI-PMH>